Glossaire datinois. premie volume, A-Th /
Saved in:
Main Author:
Format: Book
Language:
French
Arabic
Published:
Leide :
Brill,
1920.
Subjects:
Tags: Add Tag
No Tags, Be the first to tag this record!
Call Number: PJ6330.D3 L3 1920 v.1
| LEADER | 00628cam a2200205Mi 4500 | ||
|---|---|---|---|
| 001 | ocn948260789 | ||
| 003 | OCoLC | ||
| 005 | 20240220185117.0 | ||
| 008 | 150611s1920 ne 000 0 fre d | ||
| 041 | 0 | |a fre |a ara | |
| 050 | 4 | |a PJ6330.D3 |b L3 1920 v.1 | |
| 100 | 1 | |a Landberg, Carlo de. | |
| 245 | 1 | 0 | |a Glossaire datinois. |n premie volume, |p A-Th / |c par le Comte de Landberg. |
| 264 | 1 | |a Leide : |b Brill, |c 1920. | |
| 300 | |a P. I_VII, 1039-1814 ; |c 24 cm | ||
| 336 | |a text |b txt |2 rdacontent | ||
| 337 | |a unmediated |b n |2 rdamedia | ||
| 338 | |a volume |b nc |2 rdacarrier | ||
| 650 | 4 | |a Arabe (Lengua) |x Dialectos |z Dathina (Yemen). | |
| 999 | |c 56916 |d 56916 | ||
